A time for action / (Record no. 22248)
[ view plain ]
| 000 -CABECERA | |
|---|---|
| campo de control de longitud fija | 00752nam a2200229 a 4500 |
| 001 - NÚMERO DE CONTROL | |
| campo de control | 000022751 |
| 005 - FECHA Y HORA DE LA ÚLTIMA TRANSACCIÓN | |
| campo de control | 20200930021757.0 |
| 008 - DATOS DE LONGITUD FIJA--INFORMACIÓN GENERAL | |
| campo de control de longitud fija | 101117s1964 xxuc r 001 0 spa d |
| 040 ## - FUENTE DE LA CATALOGACIÓN | |
| Centro catalogador/agencia de origen | DO-SdBNP |
| Lengua de catalogación | spa |
| Centro/agencia transcriptor | BNPHU |
| 082 ## - NÚMERO DE LA CLASIFICACIÓN DECIMAL DEWEY | |
| Número de clasificación | xxxx |
| Número de documento/Ítem | L988t |
| 100 1# - ENTRADA PRINCIPAL--NOMBRE DE PERSONA | |
| Nombre de persona | Johnson, Lyndon B., |
| Fechas asociadas al nombre | 1908-1973 |
| 9 (RLIN) | 46745 |
| 245 12 - MENCIÓN DE TÍTULO | |
| Título | A time for action / |
| Mención de responsabilidad, etc. | Lyndon B. Johnson ; introducción Adlai E. Stevenson. |
| 260 ## - PUBLICACIÓN, DISTRIBUCIÓN, ETC. | |
| Lugar de publicación, distribución, etc. | Texas : |
| Nombre del editor, distribuidor, etc. | University of Texas Press, |
| Fecha de publicación, distribución, etc. | 1964. |
| 300 ## - DESCRIPCIÓN FÍSICA | |
| Extensión | 191 p. : |
| Otras características físicas | il. ; |
| Dimensiones | 16 cm. |
| 490 1# - MENCIÓN DE SERIE | |
| Mención de serie | The Complete Book |
| 490 1# - MENCIÓN DE SERIE | |
| Mención de serie | Giant Cardinal ; |
| Designación de volumen o secuencia | 224 |
| 500 ## - NOTA GENERAL | |
| Nota general | Incluye índice alfabético. |
| 590 ## - NOTA LOCAL (RLIN) | |
| Nota local | Inventariado, 2019/BT |
| 700 1# - PUNTO DE ACCESO ADICIONAL--NOMBRE DE PERSONA | |
| Nombre de persona | Stevenson, Adlai E. |
| 9 (RLIN) | 46746 |
| 830 #0 - PUNTO DE ACCESO ADICIONAL DE SERIE-TÍTULO UNIFORME | |
| Título uniforme | The Complete Book |
| 9 (RLIN) | 46747 |
| 830 #0 - PUNTO DE ACCESO ADICIONAL DE SERIE-TÍTULO UNIFORME | |
| Título uniforme | Giant Cardinal ; |
| Número de parte o sección de la obra | 224 |
| 9 (RLIN) | 46748 |
| Estado de retiro | Estado de pérdida | Restricciones de uso | No para préstamo | Código de colección | Localización permanente | Ubicación/localización actual | Ubicación en estantería | Fecha de adquisición | Número de inventario | Total de préstamos | Signatura topográfica completa | Código de barras | Fecha visto por última vez | Precio válido a partir de | Tipo de ítem Koha |
|---|---|---|---|---|---|---|---|---|---|---|---|---|---|---|---|
| Excluido de préstamo | Monografías: Libros y Folletos | General | General | Depósito | 17.11.2010 | LF1 | xxxx L988t | 22751-10 | 25.06.2020 | 25.06.2020 | No se presta |
